[Event "CAN-ch O1800"]
[Site "Toronto CAN"]
[Date "2025.04.21"]
[Round "6.24"]
[White "Syed, Farhaan"]
[Black "Pan, Julian"]
[Result "0-1"]
[WhiteElo "1789"]
[BlackElo "1870"]
[WhiteFideId "-1"]
[WhiteFideId "-1"]
[PlyCount "148"]
[GameId "2183182316204690"]
[EventDate "2025.04.18"]
[EventType "swiss"]
[EventRounds "9"]
[EventCountry "CAN"]

1. d4 d5 2. Nc3 Nf6 3. Bf4 e6 4. e3 Bd7 5. Nf3 c5 6. Be2 Qb6 7. Rb1 Nh5 8. dxc5 Bxc5 9. Be5 Nc6 10. Bd4 Bxd4 11. Nxd4 Nxd4 12. exd4 Nf4 13. O-O Nxe2+ 14. Qxe2 Qxd4 15. Rfd1 Qc4 16. Qxc4 dxc4 17. Ne4 Ke7 18. Rd4 b5 19. a4 Rhd8 20. Kf1 Bc6 21. Rxd8 Rxd8 22. f3 bxa4 23. Ke2 f5 24. Nc3 Rb8 25. Kd2 g5 26. Ke3 e5 27. h3 h5 28. g4 hxg4 29. hxg4 f4+ 30. Kf2 Rh8 31. Kg2 Rh4 32. Re1 Ke6 33. Ne4 Bxe4 34. Rxe4 Kd5 35. Re1 Rh7 36. Rd1+ Kc5 37. Re1 Re7 38. Kf2 Kb4 39. Re4 Rd7 40. Ke2 Rd5 41. Ke1 a5 42. Ke2 a3 43. bxa3+ Kxa3 44. Rxc4 a4 45. Rc8 Rb5 46. c4 Rb4 47. c5 Kb3 48. c6 a3 49. c7 a2 50. Rb8 a1=Q 51. Rxb4+ Kxb4 52. c8=Q Qa2+ 53. Kd3 Qd5+ 54. Kc2 Qc4+ 55. Qxc4+ Kxc4 56. Kd2 Kd4 57. Ke2 Kc3 58. Kf2 Kd3 59. Kf1 Ke3 60. Kg2 Ke2 61. Kg1 Kxf3 62. Kf1 Kxg4 63. Kg2 f3+ 64. Kf2 e4 65. Kf1 Kf4 66. Kg1 g4 67. Kf1 e3 68. Kg1 g3 69. Kf1 g2+ 70. Kg1 e2 71. Kf2 g1=Q+ 72. Kxg1 e1=Q+ 73. Kh2 Qf2+ 74. Kh3 Qg3# 0-1

[Event "CAN-ch O1800"]
[Site "Toronto CAN"]
[Date "2025.04.21"]
[Round "6.25"]
[White "Lin, Ryder"]
[Black "Schyngera, Eli"]
[Result "0-1"]
[WhiteElo "1744"]
[BlackElo "1867"]
[WhiteFideId "-1"]
[WhiteFideId "-1"]
[PlyCount "72"]
[GameId "2183184948081309"]
[EventDate "2025.04.18"]
[EventType "swiss"]
[EventRounds "9"]
[EventCountry "CAN"]

1. e4 c5 2. c3 Nf6 3. e5 Nd5 4. Nf3 e6 5. Bc4 Nb6 6. Bb3 d6 7. exd6 Bxd6 8. d4 cxd4 9. Qxd4 O-O 10. Qg4 e5 11. Qg5 Qxg5 12. Nxg5 h6 13. Ne4 Be7 14. Be3 Nc6 15. Nbd2 Na5 16. Nc5 Nxb3 17. axb3 Nd5 18. b4 Nxe3 19. fxe3 b6 20. Na6 Bb7 21. Rg1 Bg5 22. Ke2 Rac8 23. b5 e4 24. Nb4 Ra8 25. Ra4 f5 26. Rga1 f4 27. exf4 Bxf4 28. Rxa7 Rae8 29. Nc4 Bc8 30. h3 Be6 31. Ne3 Bg3 32. Rf1 Rxf1 33. Kxf1 Rf8+ 34. Ke2 Rf2+ 35. Kd1 Bb3+ 36. Kc1 Bf4 0-1

[Event "CAN-ch O1800"]
[Site "Toronto CAN"]
[Date "2025.04.21"]
[Round "6.26"]
[White "Lee, Matthew"]
[Black "Li, Aiden"]
[Result "1-0"]
[WhiteElo "1862"]
[BlackElo "1743"]
[WhiteFideId "-1"]
[WhiteFideId "-1"]
[PlyCount "65"]
[GameId "2183227363345404"]
[EventDate "2025.04.18"]
[EventType "swiss"]
[EventRounds "9"]
[EventCountry "CAN"]

1. d4 d5 2. c4 c6 3. Nf3 Nf6 4. Nc3 Bf5 5. cxd5 cxd5 6. Qb3 Qb6 7. Nxd5 Qxb3 8. Nxf6+ exf6 9. axb3 Bc2 10. e3 Bxb3 11. Bb5+ Nd7 12. e4 Rc8 13. Nd2 Bb4 14. O-O Bxd2 15. Bxd2 a6 16. Rfc1 Rb8 17. Bf4 Rd8 18. Be2 O-O 19. Rc7 b5 20. Rxa6 Nb8 21. Rd6 Rc8 22. Rxc8 Rxc8 23. Bxb5 g5 24. Be3 Kf8 25. h3 Ke7 26. Rb6 Be6 27. d5 Bd7 28. Bd3 Be8 29. b4 Nd7 30. Rb7 Kd6 31. Bb5 Rc7 32. Bc5+ Rxc5 33. Rxd7+ 1-0

[Event "CAN-ch O1800"]
[Site "Toronto CAN"]
[Date "2025.04.21"]
[Round "6.27"]
[White "Wang, William"]
[Black "Cholakis, Max"]
[Result "0-1"]
[WhiteElo "1713"]
[BlackElo "1829"]
[WhiteFideId "-1"]
[WhiteFideId "-1"]
[PlyCount "92"]
[GameId "2183228619097092"]
[EventDate "2025.04.18"]
[EventType "swiss"]
[EventRounds "9"]
[EventCountry "CAN"]

1. e4 d5 2. exd5 Qxd5 3. Nc3 Qd6 4. d4 Nf6 5. Nf3 c6 6. Bc4 Bg4 7. Be3 Nbd7 8. h3 Bh5 9. g4 Bg6 10. Qe2 e6 11. O-O-O Be7 12. Nd2 Nb6 13. f4 Nfd5 14. Nxd5 Nxd5 15. Bxd5 Qxd5 16. Nb3 a5 17. Kb1 Be4 18. Rhf1 f5 19. g5 O-O-O 20. Rf2 Bb4 21. a3 Qxb3 22. axb4 Qxb4 23. Rff1 a4 24. Bd2 Qb6 25. Qc4 Qb3 26. Qc5 a3 27. Bc1 Bxc2+ 28. Ka1 axb2+ 29. Bxb2 Kc7 30. Ba3 Ra8 31. Qd6+ Kc8 32. Rf3 Qxf3 33. Qxe6+ Kc7 34. Qe7+ Kb8 35. Qe5+ Kc8 36. Qe6+ Kc7 37. Qe7+ Kb6 38. Qb4+ Ka6 39. Rb1 b5 40. Re1 Rhe8 41. Rc1 Re3 42. Ka2 Kb7 43. Rxc2 Raxa3+ 44. Kb2 Reb3+ 45. Qxb3 Qxb3+ 46. Kc1 Ra2 0-1

[Event "CAN-ch O1800"]
[Site "Toronto CAN"]
[Date "2025.04.21"]
[Round "6.28"]
[White "Katz, Lyam"]
[Black "Kong, Brian"]
[Result "1-0"]
[WhiteElo "1850"]
[BlackElo "1794"]
[WhiteFideId "-1"]
[WhiteFideId "-1"]
[PlyCount "55"]
[GameId "2183299510424674"]
[EventDate "2025.04.18"]
[EventType "swiss"]
[EventRounds "9"]
[EventCountry "CAN"]

1. e4 e5 2. Nf3 Nc6 3. Nc3 Nf6 4. Bb5 Bb4 5. O-O O-O 6. d3 Nd4 7. Nxd4 exd4 8. Ne2 c6 9. Bc4 d5 10. exd5 Nxd5 11. Nxd4 Nc3 12. Nxc6 Qb6 13. bxc3 Bxc3 14. Ne7+ Kh8 15. Nd5 Qa5 16. Nxc3 Qxc3 17. Rb1 Qf6 18. Bb2 Qg6 19. Qf3 Bd7 20. Qg3 Bc6 21. Qxg6 hxg6 22. Rfe1 a5 23. Ba3 Rfe8 24. Bxf7 Rxe1+ 25. Rxe1 g5 26. Re3 g4 27. Re5 g5 28. Bb2 1-0

[Event "CAN-ch O1800"]
[Site "Toronto CAN"]
[Date "2025.04.21"]
[Round "6.29"]
[White "Li, Allen"]
[Black "Sekaran, Adithya"]
[Result "0-1"]
[WhiteElo "1830"]
[BlackElo "1720"]
[WhiteFideId "-1"]
[WhiteFideId "-1"]
[PlyCount "88"]
[GameId "2183300668159082"]
[EventDate "2025.04.18"]
[EventType "swiss"]
[EventRounds "9"]
[EventCountry "CAN"]

1. d4 Nf6 2. Bf4 d5 3. e3 e6 4. Nd2 Be7 5. c3 O-O 6. Ngf3 Nbd7 7. Bd3 c5 8. Bg3 b6 9. h4 Bb7 10. h5 h6 11. Ne5 Nxe5 12. Bxe5 Bd6 13. Bxd6 Qxd6 14. f4 cxd4 15. cxd4 Rac8 16. O-O Rfe8 17. Qf3 Qe7 18. g4 Rc7 19. Rac1 Rec8 20. Rxc7 Rxc7 21. a3 a5 22. Kg2 Rc8 23. Kh3 Qd7 24. Kh4 Qd6 25. Qg2 Qc7 26. g5 hxg5+ 27. Qxg5 Nh7 28. Qg3 f5 29. Rg1 Nf6 30. Qg6 Qe7 31. Kh3 Ng4 32. Rg2 Qf6 33. Qxf6 Nxf6 34. h6 Ng4 35. hxg7 Rc7 36. e4 dxe4 37. Bxe4 fxe4 38. Rxg4 e3 39. Nb3 a4 40. Na1 Rc1 41. Nc2 Rxc2 42. Rg6 Bd5 43. Rg1 e2 44. Re1 Kxg7 0-1

[Event "CAN-ch O1800"]
[Site "Toronto CAN"]
[Date "2025.04.21"]
[Round "6.30"]
[White "Moran-Venegas, Mario"]
[Black "Bi, William"]
[Result "1/2-1/2"]
[WhiteElo "1729"]
[BlackElo "1892"]
[WhiteFideId "-1"]
[WhiteFideId "-1"]
[PlyCount "142"]
[GameId "2183539748783221"]
[EventDate "2025.04.18"]
[EventType "swiss"]
[EventRounds "9"]
[EventCountry "CAN"]

1. Nf3 d5 2. d4 Nf6 3. c4 e6 4. Nc3 Be7 5. Bf4 c6 6. e3 Nbd7 7. Bd3 O-O 8. O-O Nh5 9. Ne2 Nxf4 10. Nxf4 Bd6 11. Qc2 h6 12. Nh5 Nf6 13. Ng3 Re8 14. Ne5 Bxe5 15. dxe5 Ng4 16. Qc3 Qc7 17. cxd5 exd5 18. f4 Nxe3 19. Rf3 Qb6 20. Kh1 d4 21. Qd2 c5 22. b3 Be6 23. Ne4 Bd5 24. Rg3 Bxe4 25. Bxe4 f5 26. Bd3 Qe6 27. Qxe3 dxe3 28. Bc4 Qxc4 29. bxc4 Rad8 30. Rxe3 Rd4 31. g3 Rxc4 32. Rd3 Re7 33. Rad1 b5 34. R1d2 Rc1+ 35. Kg2 c4 36. Rd5 c3 37. Re2 b4 38. Rb5 Rc7 39. Rxb4 c2 40. Rb8+ Kf7 41. e6+ Ke7 42. Rg8 Rg1+ 43. Kxg1 c1=Q+ 44. Kg2 Qc6+ 45. Kh3 Qc3 46. Re5 Rc5 47. Rxg7+ Kd6 48. Rd7+ Kc6 49. Rd8 Rxe5 50. Rc8+ Kd6 51. Rxc3 Rxe6 52. Ra3 Re7 53. Ra6+ Kc5 54. Rxh6 Kb4 55. Rf6 Rh7+ 56. Kg2 Rh5 57. h3 a5 58. Rb6+ Ka3 59. Rb5 a4 60. Ra5 Rh6 61. Rxf5 Ra6 62. Re5 Kxa2 63. f5 Kb2 64. g4 a3 65. g5 a2 66. Re2+ Kc3 67. Rxa2 Rxa2+ 68. Kf3 Kd4 69. Kf4 Rf2+ 70. Kg4 Ke5 71. f6 Rxf6 1/2-1/2

[Event "CAN-ch O1800"]
[Site "Toronto CAN"]
[Date "2025.04.21"]
[Round "6.31"]
[White "Fradkin, Benjamin"]
[Black "Satish Alwar, Dharsan"]
[Result "0-1"]
[WhiteElo "1939"]
[BlackElo "1724"]
[WhiteFideId "-1"]
[WhiteFideId "-1"]
[PlyCount "66"]
[GameId "2183542373180544"]
[EventDate "2025.04.18"]
[EventType "swiss"]
[EventRounds "9"]
[EventCountry "CAN"]

1. d4 d5 2. c4 e6 3. Nf3 Nf6 4. g3 c6 5. Bg2 Be7 6. O-O O-O 7. Nc3 b6 8. Bg5 Nbd7 9. Rc1 Bb7 10. cxd5 exd5 11. Ne5 h6 12. Bxf6 Nxf6 13. e3 Re8 14. Ne2 c5 15. Qa4 Bd6 16. Nf3 a6 17. dxc5 bxc5 18. Rfd1 Qe7 19. Nc3 Rad8 20. Nh4 Be5 21. Nf5 Qe6 22. Bh3 Qb6 23. Qh4 d4 24. exd4 Bxd4 25. Bg2 Bxf2+ 26. Kh1 Rxd1+ 27. Rxd1 Re1+ 28. Rxe1 Bxe1 29. Na4 Bxg2+ 30. Kxg2 Qe6 31. Qf4 Qe2+ 32. Kh3 Bd2 33. Nc3 Qh5+ 0-1

[Event "CAN-ch O1800"]
[Site "Toronto CAN"]
[Date "2025.04.21"]
[Round "6.32"]
[White "Han, Ruochong"]
[Black "Aravinthan, Adhvik"]
[Result "1/2-1/2"]
[WhiteElo "1702"]
[BlackElo "1775"]
[WhiteFideId "-1"]
[WhiteFideId "-1"]
[PlyCount "49"]
[GameId "2183548834088072"]
[EventDate "2025.04.18"]
[EventType "swiss"]
[EventRounds "9"]
[EventCountry "CAN"]

1. d4 d5 2. Bf4 Nc6 3. Nf3 Bf5 4. c4 dxc4 5. Nc3 e6 6. e4 Bg4 7. d5 Bxf3 8. gxf3 exd5 9. Nxd5 Bd6 10. Bxd6 Qxd6 11. Bxc4 Nf6 12. Qb3 Nxd5 13. Bxd5 Qb4+ 14. Qc3 Qxc3+ 15. bxc3 Nd8 16. Ke2 c6 17. Bb3 Ke7 18. Rhg1 g6 19. Rg4 Ne6 20. Rb1 b6 21. Ke3 Nc5 22. Bc2 Rad8 23. Rb4 Kf6 24. e5+ Ke6 25. Rbd4 1/2-1/2

[Event "CAN-ch O1800"]
[Site "Toronto CAN"]
[Date "2025.04.21"]
[Round "6.33"]
[White "Zhao, Shannon"]
[Black "Kolndreu, Albion"]
[Result "0-1"]
[WhiteElo "1753"]
[BlackElo "1733"]
[WhiteFideId "-1"]
[WhiteFideId "-1"]
[PlyCount "94"]
[GameId "2183550164284560"]
[EventDate "2025.04.18"]
[EventType "swiss"]
[EventRounds "9"]
[EventCountry "CAN"]

1. e4 e5 2. Nf3 Nc6 3. d4 exd4 4. Bc4 Nf6 5. e5 d5 6. Bb5 Ne4 7. Nxd4 Bc5 8. Be3 Bxd4 9. Bxd4 O-O 10. O-O Nxd4 11. Qxd4 c5 12. Qd1 Qb6 13. Qxd5 Nxf2 14. Rxf2 Qxb5 15. c4 Qb4 16. Na3 Be6 17. Qe4 Rad8 18. Rb1 Rd4 19. Qf3 Bg4 20. Qg3 Rfd8 21. Rbf1 Be6 22. Nc2 Qxb2 23. Nxd4 Qxd4 24. Kh1 Bxc4 25. Rg1 b5 26. Rf5 Be6 27. Rg5 g6 28. Qa3 c4 29. Rg3 Rd7 30. Re3 b4 31. Qc1 c3 32. Re2 Bc4 33. Ree1 Qd2 34. Qb1 c2 35. Qb2 Qxe1 36. Rxe1 Rd1 37. Qc1 Rxc1 38. Rxc1 Bxa2 39. Rxc2 b3 40. Rc8+ Kg7 41. Rb8 Kh6 42. Rb7 a5 43. Rxf7 b2 44. Rb7 b1=R+ 45. Rxb1 Bxb1 46. e6 Bf5 47. e7 Bd7 0-1

[Event "CAN-ch O1800"]
[Site "Toronto CAN"]
[Date "2025.04.21"]
[Round "7.1"]
[White "Xu, Ryan"]
[Black "Maulucci, Anthony"]
[Result "0-1"]
[WhiteElo "2010"]
[BlackElo "2061"]
[WhiteFideId "-1"]
[WhiteFideId "-1"]
[PlyCount "64"]
[GameId "2186576132237916"]
[EventDate "2025.04.18"]
[EventType "swiss"]
[EventRounds "9"]
[EventCountry "CAN"]

1. d4 d5 2. c4 e6 3. Nf3 Nf6 4. g3 dxc4 5. Bg2 a6 6. O-O Nc6 7. e3 Bd7 8. Nbd2 b5 9. Ne5 Nd5 10. Nxd7 Qxd7 11. e4 Nb6 12. d5 Ne5 13. dxe6 Qxe6 14. Nf3 Rd8 15. Qe2 Nxf3+ 16. Bxf3 Bc5 17. Bf4 Qe7 18. e5 O-O 19. h4 h6 20. Be4 Nd5 21. Bd2 Bd4 22. Rae1 Qxe5 23. Qf3 Qd6 24. Rd1 c5 25. Bc3 Nf6 26. Bc2 b4 27. Bd2 Qd5 28. Qxd5 Nxd5 29. b3 c3 30. Bc1 Rfe8 31. Rfe1 Rxe1+ 32. Rxe1 Kf8 0-1

[Event "CAN-ch O1800"]
[Site "Toronto CAN"]
[Date "2025.04.21"]
[Round "7.2"]
[White "Hong, Zihan"]
[Black "Li, Hongyi"]
[Result "1/2-1/2"]
[WhiteElo "1999"]
[BlackElo "1973"]
[WhiteFideId "-1"]
[WhiteFideId "-1"]
[PlyCount "133"]
[GameId "2182094433637269"]
[EventDate "2025.04.18"]
[EventType "swiss"]
[EventRounds "9"]
[EventCountry "CAN"]

1. d4 e6 2. Bf4 c5 3. c3 Nc6 4. e3 Nge7 5. Nf3 Ng6 6. Bg3 d5 7. Bd3 Bd6 8. Nbd2 O-O 9. O-O f5 10. Bb5 Nce7 11. Ne5 Bxe5 12. dxe5 a6 13. Bd3 d4 14. cxd4 cxd4 15. f4 dxe3 16. Nc4 Nd5 17. Qe2 b5 18. Nxe3 Qb6 19. Rae1 Bb7 20. Kh1 Rac8 21. Nxd5 Bxd5 22. a3 Rfd8 23. Rc1 Rxc1 24. Rxc1 Qd4 25. Rf1 h5 26. h4 Qxd3 27. Qxd3 Bxg2+ 28. Kxg2 Rxd3 29. Rf2 Ne7 30. Rc2 Kf7 31. Kf2 Nd5 32. Re2 Nb6 33. Re3 Rd1 34. Re1 Rxe1 35. Kxe1 Ke7 36. Kd2 Kd7 37. b3 Kc6 38. Kd3 Kd5 39. Bf2 Nd7 40. b4 Nb8 41. Bc5 Nc6 42. Bb6 Ne7 43. Bf2 Nc6 44. Bb6 g6 45. Be3 a5 46. Bc5 a4 47. Bf2 Nxe5+ 48. fxe5 Kxe5 49. Bd4+ Kf4 50. Bf6 e5 51. Ke2 Ke4 52. Bg5 f4 53. Kf2 Kd3 54. Kf3 Kc2 55. Bf6 Kb3 56. Bxe5 Kxa3 57. Kxf4 Kxb4 58. Kg5 Kc4 59. Kxg6 b4 60. Kxh5 a3 61. Bd6 Kb5 62. Kg5 Ka4 63. h5 b3 64. Bxa3 Kxa3 65. h6 b2 66. h7 b1=Q 67. h8=Q 1/2-1/2

[Event "CAN-ch O1800"]
[Site "Toronto CAN"]
[Date "2025.04.21"]
[Round "7.3"]
[White "Sheth, Rudra"]
[Black "Lakhani, Riyaan"]
[Result "1/2-1/2"]
[Annotator "hugh_"]
[WhiteElo "1734"]
[BlackElo "1976"]
[WhiteFideId "-1"]
[WhiteFideId "-1"]
[PlyCount "170"]
[GameId "2182098142348192"]
[EventDate "2025.04.18"]
[EventType "swiss"]
[EventRounds "9"]
[EventCountry "CAN"]

{[%evp 0,120,17,21,28,27,33,25,24,34,55,29,48,38,118,32,81,79,82,77,79,12,24,-108,-142,-244,-122,-894,-235,-452,-165,-650,-490,-364,-251,-248,-398,-267,-595,-479,-240,-339,-237,-280,-203,-149,-135,-291,-281,-307,-434,-359,-533,-548,-467,-479,-408,-446,-595,-445,-566,-495,-529,-387,-309,-351,-322,-269,137,82,55,-72,82,79,87,109,169,-84,124,121,-1,45,43,49,307,323,344,304,773,20,128,82,790,93,34,90,-1,52,-31,57,169,224,236,218,195,105,186,210,224,137,229,228,234,237,237,81,245,198,255,269,275,285,366]} 1. e4 g6 2. h4 d5 3. exd5 Qxd5 4. Nc3 Qd6 5. h5 Bf5 6. d4 gxh5 7. Qf3 Qe6+ 8. Be3 c6 9. d5 Qg6 10. dxc6 Nxc6 11. O-O-O Bg4 12. Nb5 Rc8 13. Qe4 Bxd1 14. Bd3 e5 15. Qa4 Qg4 16. Be4 Qd7 17. Nh3 Be2 18. Nc3 b5 19. Nxb5 Bxb5 20. Qxb5 Nge7 21. Rd1 Qc7 22. Ng5 Bg7 23. Qe2 h6 24. Nxf7 Kxf7 25. Qc4+ Kf8 26. Qe6 Nd8 27. Qh3 Nf7 28. Rd7 Qc4 29. Qf3 Ke8 30. Rxa7 Rf8 31. b3 Qe6 32. Bb7 Nd6 33. Qxh5+ Qg6 34. Bc6+ Rxc6 35. Rxe7+ Kxe7 36. Qxg6 Rf7 37. a4 Rc8 38. a5 Nf5 39. Bd2 Nd4 40. Bb4+ Ke8 41. c3 Nxb3+ 42. Kb2 Nc5 43. a6 Bf6 44. Qg8+ Rf8 45. Qg6+ Rf7 46. Bxc5 Rxc5 47. Qg8+ Rf8 48. Qe6+ Be7 49. a7 Rxf2+ 50. Kb3 Ra5 51. Qc6+ Kf7 52. a8=Q Rxa8 53. Qxa8 Rf6 54. Qd5+ Re6 55. c4 e4 56. Qh5+ Kg7 57. Qg4+ Kf6 58. Qf4+ Kg6 59. g4 Rb6+ 60. Kc2 Rf6 61. Qxe4+ Kf7 62. Qd5+ Kg7 63. c5 Bxc5 64. Qxc5 Rg6 65. Qe7+ Kg8 66. Kd3 Kh8 67. Qf8+ Kh7 68. Qf7+ Rg7 69. Qf5+ Kg8 70. Ke4 Re7+ 71. Kd5 Rg7 72. Ke6 Kh8 73. Kf6 Kg8 74. Qc8+ Kh7 75. Qf5+ Kg8 76. Ke5 Rg5 77. Qxg5+ hxg5 78. Kf6 Kf8 79. Kxg5 Kg7 80. Kf5 Kf7 81. g5 Kg7 82. g6 Kg8 83. Kf6 Kf8 84. Ke6 Kg7 85. Ke7 Kxg6 1/2-1/2

[Event "CAN-ch O1800"]
[Site "Toronto CAN"]
[Date "2025.04.21"]
[Round "7.4"]
[White "Bluvshtein, Ilia"]
[Black "Lee, Daniel Joshua"]
[Result "1-0"]
[WhiteElo "2086"]
[BlackElo "1989"]
[WhiteFideId "-1"]
[WhiteFideId "-1"]
[PlyCount "77"]
[GameId "2182153617167311"]
[EventDate "2025.04.18"]
[EventType "swiss"]
[EventRounds "9"]
[EventCountry "CAN"]

1. e4 e5 2. Nf3 Nc6 3. d4 exd4 4. Nxd4 Bc5 5. Be3 Qf6 6. c3 Nge7 7. Bc4 Ne5 8. Be2 Qg6 9. O-O d6 10. Nd2 Bh3 11. g3 Bxf1 12. Kxf1 h5 13. h3 h4 14. g4 O-O 15. f4 N5c6 16. b4 Nxd4 17. cxd4 Bxb4 18. f5 Qh7 19. Nf3 c5 20. d5 c4 21. Rb1 Bc5 22. Bxc5 dxc5 23. Rxb7 Nc8 24. e5 Nb6 25. d6 Rad8 26. Rxa7 c3 27. Qb3 c2 28. Qxc2 Nd5 29. Qd2 Nb4 30. Rc7 Ra8 31. Rxc5 Rfb8 32. Bc4 Qh6 33. Qxh6 gxh6 34. e6 Nxa2 35. e7 Rb1+ 36. Kf2 Rd1 37. Rd5 Nc3 38. Rxd1 Nxd1+ 39. Ke1 1-0

[Event "CAN-ch O1800"]
[Site "Toronto CAN"]
[Date "2025.04.21"]
[Round "7.5"]
[White "Starr, Sasha"]
[Black "Daigneault, Henry"]
[Result "0-1"]
[WhiteElo "2071"]
[BlackElo "1933"]
[WhiteFideId "-1"]
[WhiteFideId "-1"]
[PlyCount "78"]
[GameId "2182155170812887"]
[EventDate "2025.04.18"]
[EventType "swiss"]
[EventRounds "9"]
[EventCountry "CAN"]

1. e4 c5 2. Nf3 d6 3. c3 Nf6 4. Be2 Nc6 5. d4 cxd4 6. cxd4 Nxe4 7. d5 Qa5+ 8. Kf1 Nb8 9. Qd4 Qc5 10. Qxc5 dxc5 11. Bf4 a6 12. Nc3 Nf6 13. a4 b6 14. Ne5 Bb7 15. Bf3 Nbd7 16. Nc4 O-O-O 17. Ke2 e5 18. dxe6 fxe6 19. Bd6 e5 20. Bxb7+ Kxb7 21. Rhd1 Kc6 22. Bxf8 Rhxf8 23. Rd6+ Kc7 24. Rad1 Rb8 25. g4 g5 26. Ne4 b5 27. Ne3 bxa4 28. Nxf6 Rxb2+ 29. Ke1 Nxf6 30. Rxf6 Rxf6 31. Nd5+ Kc6 32. Nxf6 a3 33. Ne4 a2 34. Nd2 Kb5 35. Rc1 Kc6 36. Kd1 Kd5 37. Ra1 c4 38. f3 c3 39. Ne4 Kd4 0-1

[Event "CAN-ch O1800"]
[Site "Toronto CAN"]
[Date "2025.04.21"]
[Round "7.7"]
[White "Tamkan, Ekrem"]
[Black "Russell, Wesley"]
[Result "1-0"]
[WhiteElo "1997"]
[BlackElo "1973"]
[WhiteFideId "-1"]
[WhiteFideId "-1"]
[PlyCount "93"]
[GameId "2182157328909328"]
[EventDate "2025.04.18"]
[EventType "swiss"]
[EventRounds "9"]
[EventCountry "CAN"]

1. e4 c5 2. Nc3 Nc6 3. g3 g6 4. Bg2 Bg7 5. d3 e6 6. f4 Nge7 7. Nf3 d6 8. O-O O-O 9. Ne2 Nd4 10. c3 Nxe2+ 11. Qxe2 Nc6 12. Be3 Qc7 13. Rac1 f5 14. Qf2 fxe4 15. dxe4 b6 16. Rcd1 Bb7 17. h4 Na5 18. Ng5 Rad8 19. Bh3 Bc8 20. Qe2 h6 21. Nf3 Bb7 22. Bc1 Rfe8 23. h5 Qf7 24. Kh2 gxh5 25. Nh4 d5 26. e5 Nc6 27. Bg2 d4 28. Be4 Qc7 29. Qxh5 Ne7 30. Bb1 Ba6 31. Rg1 d3 32. Bxd3 Bxd3 33. Rxd3 Nd5 34. Rgd1 c4 35. Rd4 b5 36. Nf5 Kh7 37. Nd6 Rg8 38. Nxb5 Qc5 39. Na3 Nf6 40. Qe2 Nd5 41. Qc2+ Kh8 42. Nxc4 Qe7 43. Nd6 Nc7 44. Nf7+ Qxf7 45. Rxd8 Qh5+ 46. Kg2 Bf8 47. R1d7 1-0

[Event "CAN-ch O1800"]
[Site "Toronto CAN"]
[Date "2025.04.21"]
[Round "7.8"]
[White "Lin, Austin"]
[Black "Park, Haneul"]
[Result "1-0"]
[WhiteElo "1990"]
[BlackElo "1923"]
[WhiteFideId "-1"]
[WhiteFideId "-1"]
[PlyCount "115"]
[GameId "2182161479795739"]
[EventDate "2025.04.18"]
[EventType "swiss"]
[EventRounds "9"]
[EventCountry "CAN"]

1. e4 e6 2. d4 d5 3. e5 c5 4. c3 Nc6 5. Nf3 Qb6 6. a3 c4 7. Nbd2 Na5 8. h4 Bd7 9. g3 O-O-O 10. Bh3 f5 11. O-O Be7 12. Ne1 g5 13. hxg5 Bxg5 14. Nxc4 Nxc4 15. Bxg5 Re8 16. Qc2 Qxb2 17. Qxb2 Nxb2 18. Nc2 Ne7 19. Rfb1 Nc4 20. Bf1 Nb6 21. a4 Nxa4 22. Bb5 Bxb5 23. Rxb5 a6 24. Rb3 b5 25. Na3 Nb6 26. Nxb5 axb5 27. Rxb5 Nc6 28. Rxb6 Kc7 29. Raa6 Nb8 30. Rxe6 Nxa6 31. Rxa6 Ra8 32. Rd6 Rhg8 33. Bh4 Ra3 34. Rxd5 Rxc3 35. e6 Rc1+ 36. Kg2 Re1 37. e7 Re8 38. Rxf5 Re4 39. d5 Kd6 40. Rh5 Rxh4 41. Rxh4 Rxe7 42. Rh5 Rf7 43. f4 Ra7 44. Kf3 Re7 45. Rf5 Rg7 46. g4 Ra7 47. g5 Ra3+ 48. Kg4 Ra1 49. Re5 Rh1 50. Kf5 Rh5 51. Re6+ Kxd5 52. Rh6 Rxh6 53. gxh6 Kd6 54. Kf6 Kd7 55. f5 Kd6 56. Kg7 Ke7 57. f6+ Ke6 58. f7 1-0

[Event "CAN-ch O1800"]
[Site "Toronto CAN"]
[Date "2025.04.21"]
[Round "7.9"]
[White "Li, Triston Bai"]
[Black "Mammadov, Nihad"]
[Result "1-0"]
[WhiteElo "1937"]
[BlackElo "1969"]
[WhiteFideId "-1"]
[WhiteFideId "-1"]
[PlyCount "77"]
[GameId "2182174015874133"]
[EventDate "2025.04.18"]
[EventType "swiss"]
[EventRounds "9"]
[EventCountry "CAN"]

1. e4 e5 2. Nf3 Nc6 3. Bc4 Bc5 4. c3 Nf6 5. d3 h6 6. O-O d6 7. Nbd2 Bg4 8. h3 Bh5 9. Re1 O-O 10. Nf1 Qd7 11. Ng3 Bg6 12. a4 a5 13. Nh4 Kh7 14. Qf3 Ne7 15. Ngf5 Bxf5 16. Nxf5 Nxf5 17. exf5 d5 18. Rxe5 Bd6 19. Rxd5 Nxd5 20. Bxd5 c6 21. Be4 f6 22. h4 Rad8 23. Qh3 Rfe8 24. g4 Bc7 25. Be3 Qf7 26. Kg2 Qb3 27. g5 Qxb2 28. Rg1 Qxc3 29. Qg4 fxg5 30. hxg5 Rxe4 31. dxe4 hxg5 32. Bxg5 Rf8 33. Be7 Rf7 34. Rh1+ Kg8 35. Qh4 g6 36. f6 Rxe7 37. Qh8+ Kf7 38. Qg7+ Ke6 39. Qxe7# 1-0

[Event "CAN-ch O1800"]
[Site "Toronto CAN"]
[Date "2025.04.21"]
[Round "7.10"]
[White "Filipovich, David"]
[Black "Wang, Jonathan"]
[Result "1/2-1/2"]
[WhiteElo "2011"]
[BlackElo "1911"]
[WhiteFideId "-1"]
[WhiteFideId "-1"]
[PlyCount "47"]
[GameId "2182177393255517"]
[EventDate "2025.04.18"]
[EventType "swiss"]
[EventRounds "9"]
[EventCountry "CAN"]

1. Nf3 d5 2. g3 Nf6 3. Bg2 g6 4. O-O Bg7 5. d4 O-O 6. c4 c6 7. cxd5 cxd5 8. Nc3 Nc6 9. Ne5 Qb6 10. Na4 Qc7 11. Bf4 Qa5 12. Nxc6 bxc6 13. Rc1 Bf5 14. b3 Rac8 15. Be5 Nd7 16. Bxg7 Kxg7 17. Qe1 Qxe1 18. Rfxe1 e5 19. dxe5 Nxe5 20. f4 Ng4 21. e4 Bxe4 22. Bxe4 dxe4 23. Rxe4 Rfd8 24. Re2 1/2-1/2

[Event "CAN-ch O1800"]
[Site "Toronto CAN"]
[Date "2025.04.21"]
[Round "7.11"]
[White "Yin, Zeming"]
[Black "Deshpande, Sarthak"]
[Result "1-0"]
[WhiteElo "1993"]
[BlackElo "1951"]
[WhiteFideId "-1"]
[WhiteFideId "-1"]
[PlyCount "111"]
[GameId "2182178954675301"]
[EventDate "2025.04.18"]
[EventType "swiss"]
[EventRounds "9"]
[EventCountry "CAN"]

1. e4 c6 2. Nf3 d5 3. Nc3 dxe4 4. Nxe4 Nf6 5. Qe2 Nxe4 6. Qxe4 Be6 7. b3 Nd7 8. Bb2 Nf6 9. Qe3 Qa5 10. Nd4 Bd7 11. Bc4 Nd5 12. Qf3 e5 13. Nf5 O-O-O 14. O-O f6 15. d4 Nf4 16. dxe5 fxe5 17. Rfe1 Re8 18. Bf7 Bxf5 19. Bxe8 Bd6 20. Bxc6 bxc6 21. Qxc6+ Qc7 22. Qa8+ Qb8 23. Qxb8+ Kxb8 24. Bxe5 Bxe5 25. Rxe5 Bxc2 26. Rae1 Bg6 27. Re7 Nd3 28. Rd1 Rc8 29. h4 Rc7 30. Rxc7 Kxc7 31. h5 Bf5 32. g4 Bxg4 33. Rxd3 Bxh5 34. f4 Bg6 35. Re3 Kd6 36. Kf2 Bf5 37. Re5 g6 38. Ra5 h5 39. Rxa7 Kd5 40. Rc7 Ke4 41. Rc4+ Kd3 42. Kg3 Ke3 43. a4 Be6 44. a5 h4+ 45. Kxh4 Bxc4 46. bxc4 Kxf4 47. a6 g5+ 48. Kh5 g4 49. a7 Kf3 50. a8=Q+ Kf2 51. Kxg4 Ke1 52. c5 Kf1 53. Qa2 Ke1 54. Kf3 Kd1 55. Qb2 Ke1 56. Qe2# 1-0

[Event "CAN-ch O1800"]
[Site "Toronto CAN"]
[Date "2025.04.21"]
[Round "7.12"]
[White "Zheng, Yanchen"]
[Black "Huang, Justin"]
[Result "1-0"]
[WhiteElo "1988"]
[BlackElo "1925"]
[WhiteFideId "-1"]
[WhiteFideId "-1"]
[PlyCount "75"]
[GameId "2182182483379309"]
[EventDate "2025.04.18"]
[EventType "swiss"]
[EventRounds "9"]
[EventCountry "CAN"]

1. e4 e6 2. d4 d5 3. exd5 exd5 4. Nf3 Bd6 5. Bd3 Ne7 6. O-O O-O 7. Re1 f6 8. Nh4 Qe8 9. c4 dxc4 10. Bxc4+ Kh8 11. Nc3 Bb4 12. Bd2 Nbc6 13. a3 Bxc3 14. Bxc3 a6 15. Qe2 b5 16. Bb3 Qd7 17. d5 Nxd5 18. Rad1 Nxc3 19. bxc3 Qg4 20. Nf3 Bb7 21. h3 Qg6 22. Nh4 Qg5 23. g3 Ne5 24. Kh2 Nc6 25. Rd7 Rac8 26. Rd5 f5 27. f4 Qf6 28. Rxf5 Qd6 29. Rd1 Qh6 30. Rh5 Qf6 31. Qe4 g6 32. Nxg6+ Kg7 33. Nxf8 Kxf8 34. Rf5 Kg7 35. Rxf6 Kxf6 36. Qxh7 Re8 37. Qh6+ Ke7 38. Qe6+ 1-0